| 000 | 00801nam a2200241Ia 4500 | ||
|---|---|---|---|
| 999 |
_c8595 _d8595 |
||
| 003 | GCL | ||
| 005 | 20240530095602.0 | ||
| 008 | 140319s9999 xx 000 0 ara d | ||
| 020 | _a2270517977 | ||
| 040 |
_aGCL / _cGCL |
||
| 082 | 0 | 4 |
_a150.287 _bم د |
| 100 | 1 | _aمحمد احمد صديق | |
| 245 | 1 | 0 |
_aالدليل فى اعداد وتصميم الاختبارات والمقاييس النفسية / _cمحمد احمد صديق |
| 260 |
_a[S.N] : _bد. ن ، _c2005 |
||
| 300 |
_a132 ص ؛ _c24 سم |
||
| 650 | 0 | 4 | _aعلم النفس |
| 650 | 0 | 4 | _aالتحليل النفسى |
| 650 | 0 | 4 | _aالاختبارات النفسية |
| 650 | 0 | 4 | _aالقياس النفسى |
| 650 | 0 | 4 | _aعلم النفس - الطرق الاحصائية |
| 700 | 1 | _aسامية سمير | |
| 942 |
_2ddc _cBK |
||